Statistics for Capital city of europe

Click here to take the quiz!

General Stats

  • This quiz has been taken 22 times
  • The average score is 38 of 45

Answer Stats

HintAnswer% Correct
netherlandsamsterdam
100%
greeceathens
100%
germanyberlin
100%
belgiumbrussels
100%
irelanddublin
100%
portugallisbon
100%
united kingdomlondon
100%
spainmadrid
100%
russiamoscow
100%
norwayoslo
100%
franceparis
100%
italyrome
100%
austriavienna
100%
polandwarsaw
100%
switzerlandbern
95%
hungarybudapest
95%
denmarkcopenhagen
95%
finlandhelsinki
95%
ukrainekiev
95%
czechiaprague
95%
latviariga
95%
vaticanvatican city
95%
luxembourgluxembourg
89%
monacomonaco
89%
icelandreykjavik
89%
bulgariasofia
89%
swedenstockholm
89%
croatiazagreb
89%
romaniabucharest
84%
belarusminsk
84%
san marinosan marino
84%
serbiabelgrade
79%
bosnia nad herzegovinasarajevo
79%
estoniatallin
79%
andorraandorra la vella
74%
kosovopristina
74%
albaniatirana
68%
slovakiabratislava
63%
north macedoniaskopje
63%
maltavallett
63%
lithuaniavillnius
63%
montenegropodgorica
53%
liechtensteinvaduz
53%
slovenialjubjana
16%
moldovachishinev
5%

Score Distribution

Percentile by Number Answered

Percent of People with Each Score

Your Score History

You have not taken this quiz